000
00300nam a22001337a 4500
008
171010b xxu||||| |||| 00| 0 eng d
020
_a
9780192800817
041
_a
eng
080
_2
2nd
_a
316
100
_a
50
101
_a
SOC
245
_a
A DICTIONARY OF SOCIOLOGY
_c
MARSHALL,G
942
_2
udc
_c
BK
999
_c
32806
_d
32806